Представление документа в формате RUSMARC

ПолеНазваниеЗначение
  Тип записи a
  Библиографический уровень m
001 Контрольный номер RU/IS/BASE/405704256
005 Дата корректировки 20240314153048.5
010 Индекс ISBN __
a ISBN 978-5-235-03403-7
b Уточнения в пер.
d Цена 385 р. 00 к.
9 Тираж 5 000 экз.
100 Данные общей обработки __
a Данные общей обработки 20121108d2012 ||| 0rusy0189 ca
101 Язык документа 0_
a Язык текста rus
102 Страна публикации __
a Страна публикации RU
105 Кодированные данные (монография) __
a Кодированные данные (монография) y###||||000|y
200 Заглавие и сведения об ответственности 1_
a Заглавие Фурцева
b Общее обозначение материала Текст
210 Выходные данные 1_
a Место издания Москва
c Издательство Молодая гвардия
d Дата издания 2011
215 Физическое описание __
a Объем 406, [3] с.
c Иллюстрации/тип воспроизводства ил., фото
d Формат 20,5 см.
225 Серия 0_
a Серия Жизнь замечательных людей: Серия биографий; Вып. 1503 (1303)
300 Общие примечания __
a Общие примечания Ограничения по возрасту - 16+
600 Персоналии _0
a Персоналии (Фамилия) Фурцева
b Персоналии (Имя, инициалы) Е. А.
606 Тематические рубрики 0_
a Основная рубрика Фурцева, Екатерина Алексеевна (1910-1974), о ней
610 Ключевые слова 0_
a Ключевые слова политика СССР
a Ключевые слова министры СССР
a Ключевые слова культура
a Ключевые слова министры культуры
a Ключевые слова женщины великие
a Ключевые слова биографии министров
686 Индексы других классификаций __
a Классификационный индекс 66.3(2Рос)8
2 Код системы ББК
700 Автор _1
a Фамилия Млечин
b Имя (инициалы) Л. М.
g Полное личное имя Леонид Михайлович
801 Источник записи _0
a Страна RU
b Организация МБУК ЦБС г. Ульяновска
c Дата составления 20121108
g Правила каталогизации RCR
801 Источник записи _1
a Страна RU
b Организация МБУК ЦБС г. Ульяновска
c Дата составления 20121108
g Правила каталогизации RCR
899 Данные о местонахождении __
i Авторский знак М 72
j Расстановочный фильтр 66.3(2Рос)
901 Тип документа __
t Тип документа m